Encíclica mystici corporis: el cuerpo místico de Cristo, 29 de junio de 1943
Gorde:
| Formatua: | Liburua |
|---|---|
| Hizkuntza: | gaztelania |
| Argitaratua: |
Santiago
Splendor
1943
|
| Saila: | Colección Documentos Pontificios, 14
|
| Gaiak: | |
| Etiketak: |
Etiketa erantsi
Etiketarik gabe, Izan zaitez lehena erregistro honi etiketa jartzen!
|
MARC
| LEADER | 00000nam a2200000 a 4500 | ||
|---|---|---|---|
| 001 | UCL3053 | ||
| 003 | CL-VaPUC | ||
| 008 | 031114e19430000CL |||||||||||||||||spa|d | ||
| 082 | 0 | 4 | |a 262.91 |b ENC |2 21 |
| 245 | 1 | 0 | |a Encíclica mystici corporis: el cuerpo místico de Cristo, 29 de junio de 1943 |
| 300 | |a 77 p | ||
| 942 | |c BK | ||
| 945 | |d 20031114 00:00:00 |a vberengu | ||
| 260 | |a Santiago |b Splendor |c 1943 | ||
| 600 | 0 | |a Pío XII, |d 1876-1958 |c Papa |9 321754 | |
| 600 | 0 | |a Jesús |9 313614 | |
| 650 | 0 | |a Encíclicas |9 255643 | |
| 650 | 0 | |a Documentos pontificios |9 255642 | |
| 583 | |a last modification |c 20031114 00:00:00 |k Rodrigo Vera | ||
| 490 | 0 | |a Colección Documentos Pontificios, 14 | |
| 999 | |c 306188 |d 306186 | ||
| 952 | |0 0 |1 0 |4 0 |6 262_910000000000000_ENC_1943 |7 0 |8 P |9 371015 |a BIBTEO |b BIBTES |c TEO_FTES |d 2019-11-21 |i 2093464 |o 262.91 ENC 1943 |p 2093464 |r 2024-01-18 |w 2019-11-21 |y BK |k ICR | ||